| 000 | 00331 a2200121 4500 | ||
|---|---|---|---|
| 001 | 89912 | ||
| 082 | _a793.732 DRE | ||
| 090 |
_c42373 _d42373 |
||
| 100 | _aDreamland | ||
| 245 |
_aSuper word search; ultimate word search with solutions Book-15 _hEnglish |
||
| 260 |
_aNew Delhi _bDreamland Publications _c2012 |
||
| 300 | _a165p. | ||
| 942 |
_aCAE NUST _k793.732 DRE |
||
| 999 |
_c324985 _d324985 |
||